|
|
|
|
| LEADER |
00000cam a22000004a 4500 |
| 001 |
musev2_10165 |
| 003 |
MdBmJHUP |
| 005 |
20230905041147.0 |
| 006 |
m o d |
| 007 |
cr||||||||nn|n |
| 008 |
080123s2009 nyu o 00 0 eng d |
| 010 |
|
|
|z 2008003241
|
| 020 |
|
|
|a 9780791477250
|
| 020 |
|
|
|z 9780791476550
|
| 020 |
|
|
|z 0791477258
|
| 020 |
|
|
|z 0791476553
|
| 035 |
|
|
|a (OCoLC)316509610
|
| 040 |
|
|
|a MdBmJHUP
|c MdBmJHUP
|
| 050 |
0 |
4 |
|a B759.M34
|b M324 2009
|
| 082 |
0 |
|
|a 296.1/81
|2 22
|
| 245 |
0 |
0 |
|a Maimonides and His Heritage /
|c edited by Idit Dobbs-Weinstein, Lenn E. Goodman, and James Allen Grady.
|
| 264 |
|
1 |
|a Albany :
|b State University of New York Press,
|c 2009.
|
| 264 |
|
3 |
|a Baltimore, Md. :
|b Project MUSE,
|c 2012
|
| 264 |
|
4 |
|c ©2009.
|
| 300 |
|
|
|a 1 online resource (261 pages).
|
| 336 |
|
|
|a text
|b txt
|2 rdacontent
|
| 337 |
|
|
|a computer
|b c
|2 rdamedia
|
| 338 |
|
|
|a online resource
|b cr
|2 rdacarrier
|
| 490 |
0 |
|
|a SUNY series in Jewish philosophy
|
| 504 |
|
|
|a Includes bibliographical references (p. 211-223) and index.
|
| 505 |
0 |
|
|a Moses Maimonides and the world of Islam / David J. Wasserstein -- Maimonides as biblical exegete / Arthur Hyman -- Philosophical themes in Maimonides--Sefer ahavah / Menachem Kellner -- Maimonides on joy / Moshe Sokol -- Maimonides' psychology / Alfred Ivry -- Bahya and Maimonides on the worth of medicine / Lenn E. Goodman -- The ambiguity of the imagination and the ambivalence of language in Maimonides and Spinoza / Idit Dobbs-Weinstein -- The philosophical mysticism of Maimonides and Maimon / Gideon Freudenthal -- Persecution and the art of representation: Schocken's Maimonides: anthologies of the 1930s / Martina Urban -- Maimonides in the crucible of Zionism: reflections on Yeshayahu: Leibowitz's negative theology / Paul Mendes-Flohr -- Can we be Maimonideans today? / David Novak.
|
| 588 |
|
|
|a Description based on print version record.
|
| 600 |
1 |
0 |
|a Maimonides, Moses,
|d 1135-1204.
|
| 650 |
|
0 |
|a Philosophy, Medieval.
|
| 650 |
|
0 |
|a Jewish philosophy.
|
| 655 |
|
7 |
|a Electronic books.
|2 local
|
| 700 |
1 |
|
|a Grady, James Allen.
|
| 700 |
1 |
|
|a Goodman, Lenn Evan,
|d 1944-
|
| 700 |
1 |
|
|a Dobbs-Weinstein, Idit,
|d 1950-
|
| 710 |
2 |
|
|a Project Muse.
|e distributor
|
| 830 |
|
0 |
|a Book collections on Project MUSE.
|
| 856 |
4 |
0 |
|z Texto completo
|u https://projectmuse.uam.elogim.com/book/10165/
|
| 945 |
|
|
|a Project MUSE - Custom Collection
|
| 945 |
|
|
|a Project MUSE - Archive Complete Foundation
|
| 945 |
|
|
|a Project MUSE - Archive Philosophy and Religion Foundation
|
| 945 |
|
|
|a Project MUSE - Archive Jewish Studies Foundation
|